000 00275nam a22001337a 4500
003 SGT
082 _aSIN 540
100 _aSINGH,KIRPAL
245 _aCHEMISTRY IN DAILY LIFE
260 _aNEW DELHI
_bPHI
_c2013
300 _a174
650 _aCHEMISTRY
942 _2ddc
_cFPS
_01
999 _c10203
_d10203